Catálogo

Vista normal Vista MARC

Entrada Personal Name

Número de registros utilizados en: 1

001 - CONTROL NUMBER

  • control field: 17759

003 - CONTROL NUMBER IDENTIFIER

  • control field: DLC

005 - DATE AND TIME OF LATEST TRANSACTION

  • control field: 20251203150058.0

008 - FIXED-LENGTH DATA ELEMENTS

  • fixed length control field: 050811n| acannaabn |n aaa c

010 ## - LIBRARY OF CONGRESS CONTROL NUMBER

  • LC control number: no2005075761

035 ## - SYSTEM CONTROL NUMBER

  • System control number: (OCoLC)oca06708443

040 ## - CATALOGING SOURCE

  • Original cataloging agency: MXMxUNAM
  • Language of cataloging: spa
  • Transcribing agency: Mx-PuUPA
  • Modifying agency: IAhCCS
  • Modifying agency: Mx-PuUPA
  • Description conventions: rda

100 1# - HEADING--PERSONAL NAME

  • Personal name: Stamateas, Bernardo,

374 ## - OCCUPATION

  • Occupation: Autor
  • Occupation: Doctor en Psicología
  • Occupation: Sexólogo clínico
  • Occupation: Escritor y conferencista

375 ## - GENDER

  • Gender: hombre

377 ## - ASSOCIATED LANGUAGE

  • Language code: spa

670 ## - SOURCE DATA FOUND

  • Source citation: Endemoniados, 1997:
  • Information found: t.p. (Bernardo Stamateas)

670 ## - SOURCE DATA FOUND

  • Source citation: Stamateas, Bernardo. Emociones nutritivas, 2023:
  • Information found: title page (Bernardo Stamateas) front flap (he is a doctor in Psychology, a clinical sexologist, a family therapist and has a degree in Theology; a prominent writer and speaker at national and international level)